Dr. S. R. Lasker Library Online Catalogue

Home      Library Home      Institutional Repository      E-Resources      MyAthens      EWU Home

Research management in agriculture and natural resources in the Philippines / (Record no. 8685)

MARC details
000 -LEADER
fixed length control field 01588nam a22003977a 4500
001 - CONTROL NUMBER
control field 8685
003 - CONTROL NUMBER IDENTIFIER
control field BD-DhEWU
005 - DATE AND TIME OF LATEST TRANSACTION
control field 20181111135642.0
008 - FIXED-LENGTH DATA ELEMENTS--GENERAL INFORMATION
fixed length control field 181111s1989 ph a|||g |||| 10| 0 eng d
035 ## - SYSTEM CONTROL NUMBER
System control number OCoLC(710768212)
040 ## - CATALOGING SOURCE
Original cataloging agency BD-DhEWU
Language of cataloging eng
Transcribing agency BD-DhEWU
Modifying agency BD-DhEWU
041 ## - LANGUAGE CODE
Language code of text/sound track or separate title eng
082 04 - DEWEY DECIMAL CLASSIFICATION NUMBER
Classification number 630.709599
Item number RES 1989
245 ## - TITLE STATEMENT
Title Research management in agriculture and natural resources in the Philippines /
Statement of responsibility, etc edited by Maruja V. Lorica, Andre L. Acedera, Norma V. Llemit and Lorna C. Malicsi.
260 ## - PUBLICATION, DISTRIBUTION, ETC. (IMPRINT)
Place of publication, distribution, etc Philippines :
Name of publisher, distributor, etc Philippine Council for Agriculture,
Date of publication, distribution, etc 1989.
300 ## - PHYSICAL DESCRIPTION
Extent x, 370 p. :
Other physical details ill. ;
Dimensions 21 cm.
490 ## - SERIES STATEMENT
Series statement Book series,
Volume number/sequential designation 82.
500 ## - GENERAL NOTE
General note Conference publication
520 ## - SUMMARY, ETC.
Summary, etc Selected issues in research management; Planning for research and development in agriculture and natural resources; Building and managing the National Research System in Agriculture and Natural Resources;
526 ## - STUDY PROGRAM INFORMATION NOTE
Program name SR
-- Sociology
590 ## - LOCAL NOTE (RLIN)
Local note Saifun Momota
650 ## - SUBJECT ADDED ENTRY--TOPICAL TERM
Topical term or geographic name as entry element Agriculture
Geographic subdivision Philippines.
9 (RLIN) 23325
653 ## - INDEX TERM--UNCONTROLLED
Uncontrolled term Research management.
700 1# - ADDED ENTRY--PERSONAL NAME
Personal name Lorica, Mruja B.
9 (RLIN) 23326
Personal name Acedera, Andre L.
9 (RLIN) 23327
Personal name Llemit, Norma V.
9 (RLIN) 23328
Personal name Malicsi, Lorna C.
9 (RLIN) 23329
856 42 - ELECTRONIC LOCATION AND ACCESS
Materials specified WorldCat details
Uniform Resource Identifier http://www.worldcat.org/title/research-management-in-agriculture-and-natural-resources-in-the-philippines-proceedings/oclc/710768212&referer=brief_results
942 ## - ADDED ENTRY ELEMENTS (KOHA)
Source of classification or shelving scheme Dewey Decimal Classification
Koha item type Ref.
Holdings
Withdrawn status Lost status Source of classification or shelving scheme Damaged status Not for loan Collection code Home library Current library Shelving location Date acquired Total Checkouts Full call number Barcode Date last seen Copy number Price effective from Koha item type
    Dewey Decimal Classification   Not For Loan Reference Dr. S. R. Lasker Library, EWU Dr. S. R. Lasker Library, EWU Reference Section     630.709599 RES 1989 1499 11/11/2018 C-1 11/11/2018 Ref.